000 00341nam a2200133Ia 4500
008 210210b1988 xxu||||| |||| 00| 0 eng d
082 _a001.6424Co PEDU
100 _aPEDDICORD (Richard G).
245 _aUnderstanding COBOL.
260 _aDelhi
_bSurjeet publications.
_c1988
300 _a47
690 _aComputer Science
906 _a042628
999 _c92331
_d92331